000 01265cam a22003011i 4500
003 SA-RiAUC
005 20250313104102.0
008 250311s2002 le o g b 001 0 ara c
040 _aKSU
_bara
_cSA-RiAUC
_erda
082 0 4 _a412
090 _a412
_bا ب و ح
100 1 _aأبو حاتم السجستاني، سهل بن محمد بن عثمان،
_dتوفي 248 هجري
_eمؤلف.
245 1 0 _aكتاب النخلة /
_c سهل بن محمد بن عثمان السجستاني ؛ تحقيق حاتم صالح الضامن.
246 3 0 _aالنخلة
250 _aالطبعة الأولى.
264 1 _aبيروت :
_bدار البشائر الإسلامية،
_c2002
300 _a128 صفحة :
_bصور ؛
_c24 سم
336 _aنص
_btxt
_2rdacontent
_3كتاب
337 _aبدون وسيط
_bn
_2rdamedia
338 _aمجلد
_bnc
_2rdacarrier
500 _aيشتمل على كشافات.
500 _aببليوجرافية : صفحة 119-127.
650 7 _aاللغة العربية
_xتعبيرات اصطلاحية
_2aucsh
650 7 _aاللغة العربية
_xاشتقاق
_2aucsh
700 1 _aالضامن، حاتم صالح،
_d1938-2013
_eمحقق.
942 _2ddc
_cBOOK
_n0
949 _aSA-JeALM
_d250311
_umohamedma123
_n1
999 _c6376
_d6376